<?xml version="1.0" encoding="UTF-8"?>
<collection xmlns="http://www.loc.gov/MARC21/slim">
 <record>
  <leader>05925nam a2200373 a 4500</leader>
  <controlfield tag="001">kal4044</controlfield>
  <controlfield tag="003">Gr-AtHEAL</controlfield>
  <controlfield tag="005">20160425161526.0</controlfield>
  <controlfield tag="006">m        d        </controlfield>
  <controlfield tag="008">160413s2015    gr      s           gre|c</controlfield>
  <datafield tag="020" ind1=" " ind2=" ">
   <subfield code="a">9789606030918</subfield>
  </datafield>
  <datafield tag="040" ind1=" " ind2=" ">
   <subfield code="a">GR-AtHEAL</subfield>
   <subfield code="b">gre</subfield>
   <subfield code="c">GR-AtHEAL</subfield>
  </datafield>
  <datafield tag="082" ind1="0" ind2="4">
   <subfield code="a">327.1</subfield>
   <subfield code="2">23</subfield>
  </datafield>
  <datafield tag="100" ind1="1" ind2=" ">
   <subfield code="a">Φραγκονικολόπουλος, Χρήστος.</subfield>
   <subfield code="8">766</subfield>
  </datafield>
  <datafield tag="245" ind1="1" ind2="0">
   <subfield code="a">Παγκόσμια πολιτική – δρώντες, δομές &amp; διαδικασίες</subfield>
   <subfield code="h">[Ηλεκτρονικός πόρος] </subfield>
   <subfield code="c">Φραγκονικολόπουλος, Χρήστος ;  Προέδρου, Φίλιππος ; Κριτικός αναγνώστης,Χουλίαρας, Αστέριος ; Τεχνική επιμέλεια,Κουμαρτζής, Νικόλαος.</subfield>
  </datafield>
  <datafield tag="260" ind1=" " ind2=" ">
   <subfield code="a">Αθήνα :</subfield>
   <subfield code="b">Σύνδεσμος Ελληνικών Ακαδημαϊκών Βιβλιοθηκών,</subfield>
   <subfield code="c">c2015.</subfield>
  </datafield>
  <datafield tag="490" ind1=" " ind2=" ">
   <subfield code="a">Ακαδημαϊκά Ηλεκτρονικά Συγγράμματα και Βοηθήματα Κάλλιπος</subfield>
   <subfield code="8">40</subfield>
  </datafield>
  <datafield tag="505" ind1="0" ind2=" ">
   <subfield code="a">1. Κεντρικές έννοιες της παγκόσμιας πολιτικής 2. Θεωρητικές προσεγγίσεις 3. Το κράτος στον 21ο αιώνα - Ρόλος, αρμοδιότητες και προκλήσεις 4. Η σημασία και ο ρόλος της περιφερειακής ολοκλήρωσης 5. Παγκόσμια διακυβέρνηση- το πολιτικό σκέλος 6. Παγκόσμια διακυβέρνηση – το οικονομικό σκέλος 7. Αγορές και εταιρικοί δρώντες 8. Παγκόσμια Κοινωνία Πολιτών και ΜΚΟ 9. ΘΕΩΡΙΑ ΚΑΙ ΠΡΑΞΗ ΤΗΣ ΠΑΓΚΟΣΜΙΑΣ ΠΟΛΙΤΙΚΗΣ ΤΟΝ 21Ο ΑΙΩΝΑ: ΣΚΕΨΕΙΣ ΚΑΙ ΠΡΟΒΛΗΜΑΤΙΣΜΟΙ Άδεια Χρήσης:</subfield>
  </datafield>
  <datafield tag="520" ind1=" " ind2=" ">
   <subfield code="a">Σκοπός του βιβλίου είναι η κατανόηση από μέρους των φοιτητών του τρόπου παραγωγής πολιτικής σε παγκόσμιο επίπεδο. Προς αυτή την κατεύθυνση, το πρώτο μέρος του βιβλίου (κεφάλαια 1-2), εξετάζει τις κεντρικές έννοιες καθώς και τις κύριες θεωρητικές προσεγγίσεις της παγκόσμιας πολιτικής μέσα από μία σύγχρονη και κριτική ματιά. Με αυτό το υπόβαθρο, το δεύτερο μέρος (κεφάλαια 3-8), εξετάζει και αναλύει όλες τις κατηγορίες δρώντων της παγκόσμιας πολιτικής και τη συνεργιστική αλληλόδρασή τους. Ειδικότερα, εξετάζει το σύγχρονο ρόλο του κράτους, την εξάπλωση των αρμοδιοτήτων του αλλά και των προκλήσεων που αντιμετωπίζει, με μία παράλληλη συζήτηση των δομών περιφερειακής ολοκλήρωσης και παγκόσμιας διακυβέρνησης, καθώς και των μη-κρατικών δρώντων (επιχειρήσεις και ΜΚΟ) που σε πολλές περιπτώσεις συμπράττουν στη διαμόρφωση και λήψη αποφάσεων. Στόχευση του βιβλίου είναι να κατανοήσουν οι φοιτητές τις περίπλοκες διαδικασίες μέσα από τις οποίες οι διαφορετικοί δρώντες διαμορφώνουν την πολιτική στο παγκόσμιο σύστημα. Συνολικά, το προτεινόμενο σύγγραμμα επιδιώκει την απομάκρυνση από απλουστευτικές και μονο-παραγοντικές θεωρήσεις και την κατάδειξη της πολυπλοκότητας των διαδικασιών και των δομών της παγκόσμιας πολιτικής μέσα από την αύξηση των κατηγοριών των διεθνών δρώντων, καθώς και των πολλαπλών οδών μέσω των οποίων αυτοί συν-διαμορφώνουν το παγκόσμιο σκηνικό. Επιχειρεί, στο ίδιο πλαίσιο, να καταδείξει και τη μετάβαση από τη διεθνή στην παγκόσμια πολιτική και να πλαισιώσει τα παραδοσιακά ζητήματα που άπτονται του εθνικού συμφέροντος με την ανάδειξη της ανάγκης παροχής παγκόσμιων δημόσιων αγαθών.</subfield>
  </datafield>
  <datafield tag="650" ind1=" " ind2="0">
   <subfield code="a">World politics</subfield>
   <subfield code="8">2444</subfield>
  </datafield>
  <datafield tag="653" ind1=" " ind2=" ">
   <subfield code="a">Παγκόσμια διακυβέρνηση</subfield>
  </datafield>
  <datafield tag="653" ind1=" " ind2=" ">
   <subfield code="a">Παγκόσμια συστήματα λήψης αποφάσεων</subfield>
  </datafield>
  <datafield tag="653" ind1=" " ind2=" ">
   <subfield code="a">Παγκόσμιοι διακρατικοί και μη οργανισμοί</subfield>
  </datafield>
  <datafield tag="653" ind1=" " ind2=" ">
   <subfield code="a">Υπερεθνικισμός</subfield>
  </datafield>
  <datafield tag="653" ind1=" " ind2=" ">
   <subfield code="a">Παγκοσμιοποίηση</subfield>
  </datafield>
  <datafield tag="653" ind1=" " ind2=" ">
   <subfield code="a">Θεωρίες διεθνών σχέσεων</subfield>
  </datafield>
  <datafield tag="653" ind1=" " ind2=" ">
   <subfield code="a">Πολιτικές επιστήμες</subfield>
  </datafield>
  <datafield tag="700" ind1="1" ind2=" ">
   <subfield code="a">Προέδρου, Φίλιππος</subfield>
   <subfield code="e">Συγγραφέας</subfield>
   <subfield code="8">767</subfield>
  </datafield>
  <datafield tag="700" ind1="1" ind2=" ">
   <subfield code="a">Χουλιάρας, Αστέριος</subfield>
   <subfield code="e">Κριτικός αναγνώστης</subfield>
   <subfield code="8">768</subfield>
  </datafield>
  <datafield tag="856" ind1="4" ind2="0">
   <subfield code="u">http://hdl.handle.net/11419/4044</subfield>
   <subfield code="z">Πλήρες Κείμενο - Full text</subfield>
  </datafield>
  <datafield tag="907" ind1=" " ind2=" ">
   <subfield code="a">.b25681175</subfield>
   <subfield code="b">12-06-18</subfield>
   <subfield code="c">29-07-16</subfield>
  </datafield>
  <datafield tag="949" ind1=" " ind2=" ">
   <subfield code="0">0</subfield>
   <subfield code="1">0</subfield>
   <subfield code="2">ddc</subfield>
   <subfield code="4">0</subfield>
   <subfield code="6">327_100000000000000_ΦΡΑ</subfield>
   <subfield code="7">0</subfield>
   <subfield code="8">KALL</subfield>
   <subfield code="8">876</subfield>
   <subfield code="d">2016-04-13</subfield>
   <subfield code="r">2016-04-13</subfield>
   <subfield code="w">2016-04-13</subfield>
   <subfield code="z">327.1 ΦΡΑ</subfield>
   <subfield code="o">SEAB KALLIPOS</subfield>
  </datafield>
  <datafield tag="998" ind1=" " ind2=" ">
   <subfield code="a">80</subfield>
   <subfield code="a">01</subfield>
   <subfield code="a">02</subfield>
   <subfield code="a">03</subfield>
   <subfield code="a">04</subfield>
   <subfield code="a">05</subfield>
   <subfield code="a">06</subfield>
   <subfield code="a">07</subfield>
   <subfield code="a">08</subfield>
   <subfield code="a">09</subfield>
   <subfield code="a">10</subfield>
   <subfield code="a">11</subfield>
   <subfield code="a">12</subfield>
   <subfield code="a">13</subfield>
   <subfield code="a">14</subfield>
   <subfield code="a">15</subfield>
   <subfield code="a">16</subfield>
   <subfield code="a">17</subfield>
   <subfield code="a">18</subfield>
   <subfield code="a">19</subfield>
   <subfield code="a">20</subfield>
   <subfield code="a">21</subfield>
   <subfield code="a">22</subfield>
   <subfield code="a">23</subfield>
   <subfield code="a">24</subfield>
   <subfield code="a">25</subfield>
   <subfield code="a">26</subfield>
   <subfield code="b">25-05-17</subfield>
   <subfield code="c">m</subfield>
   <subfield code="d">z  </subfield>
   <subfield code="e">-</subfield>
   <subfield code="f">gre</subfield>
   <subfield code="g">gr </subfield>
   <subfield code="h">0</subfield>
  </datafield>
  <datafield tag="942" ind1=" " ind2=" ">
   <subfield code="2">ddc</subfield>
   <subfield code="c">KALLIPOS</subfield>
  </datafield>
 </record>
</collection>
